000 00443nam a2200157Ia 4500
999 _c18790
_d18790
003 OSt
005 20200605131349.0
008 190216s9999||||xx |||||||||||||| ||und||
040 _coclc
082 _a951
_bPET/C
100 _aPetrov, Victor P
_92540
245 0 _aChina Emerging World Power /
_cVictor P Petrov
260 _bD -van Nostrand Co.,
_c1967.
300 _a134p
942 _cBK
_2ddc
_h951
_iPET/C
_k951
_mPET/C